000 00568nam a2200181Ia 4500
008 151018s9999 xx 000 0 und d
082 _bRBASDV35982
_a891.464
100 _aमधुसूदन घाणेकर
245 _aभाषणकला
250 _b1
260 _bनितीन प्रकाशन पुणे
_c1999
300 _a57
600 _aमधुसूदन घाणेकर
630 _aभाषणकला
700 _aमधुसूदन घाणेकर
730 _aभाषणकला
942 _cBOOK
999 _c1035450
_d1035447